NHL Hat Tricks - 2024/25 - Statistics

General Stats
  • This quiz has been taken 33 times
    6 since last reset
  • The average score is 54 of 76
Answer Stats
Play Team Date Opponent Goals % Correct
Alexander Ovechkin Washington Capitals 17/11/24 Vegas Golden Knights 3
100%
Alexander Ovechkin Washington Capitals 23/02/25 Edmonton Oilers 3
100%
Anže Kopitar Los Angeles Kings 10/10/24 Buffalo Sabres 3
100%
Artemi Panarin New York Rangers 17/10/24 Detroit Red Wings 3
100%
Brandon Hagel Tampa Bay Lightning 22/10/24 New Jersey Devils 3
100%
Brandon Montour Seattle Kraken 29/10/24 Montreal Canadiens 3
100%
Brayden Point Tampa Bay Lightning 27/11/24 Washington Capitals 3
100%
Bryan Rust Pittsburgh Penguins 12/12/24 Montreal Canadiens 4
100%
Drake Batherson Ottawa Senators 11/12/24 Anaheim Ducks 3
100%
Jake DeBrusk Vancouver Canucks 01/12/24 Detroit Red Wings 3
100%
Jesper Bratt New Jersey Devils 14/11/24 Florida Panthers 3
100%
John Tavares Toronto Maple Leafs 28/10/24 Winnipeg Jets 3
100%
John Tavares Toronto Maple Leafs 15/12/24 Buffalo Sabres 3
100%
Kyle Connor Winnipeg Jets 14/01/25 Vancouver Canucks 3
100%
Mark Scheifele Winnipeg Jets 19/11/24 Florida Panthers 3
100%
Mark Scheifele Winnipeg Jets 23/12/24 Toronto Maple Leafs 3
100%
Matthew Knies Toronto Maple Leafs 04/01/25 Boston Bruins 3
100%
Matthew Knies Toronto Maple Leafs 09/04/25 Tampa Bay Lightning 3
100%
Mikko Rantanen Colorado Avalanche 09/10/24 Vegas Golden Knights 3
100%
Mikko Rantanen Colorado Avalanche 13/11/24 Los Angeles Kings 3
100%
Mikko Rantanen Colorado Avalanche 10/12/24 Pittsburgh Penguins 3
100%
Nico Hischier New Jersey Devils 25/11/24 Nashville Predators 3
100%
Nico Hischier New Jersey Devils 29/03/25 Minnesota Wild 3
100%
Nikita Kucherov Tampa Bay Lightning 11/10/24 Carolina Hurricanes 3
100%
Nikolaj Ehlers Winnipeg Jets 01/11/24 Columbus Blue Jackets 3
100%
Sean Couturier Philadelphia Flyers 26/10/24 Minnesota Wild 3
100%
Sidney Crosby Pittsburgh Penguins 05/04/25 Dallas Stars 3
100%
Taylor Hall Chicago Blackhawks 27/11/24 Dallas Stars 3
100%
Taylor Hall Carolina Hurricanes 23/03/25 Anaheim Ducks 3
100%
William Nylander Toronto Maple Leafs 04/02/25 Calgary Flames 3
100%
Adam Fantilli Columbus Blue Jackets 22/01/25 Toronto Maple Leafs 3
67%
Adam Fantilli Columbus Blue Jackets 09/03/25 New York Rangers 3
67%
Alex Tuch Buffalo Sabres 27/12/24 Chicago Blackhawks 3
67%
Artturi Lehkonen Colorado Avalanche 27/12/24 Utah Hockey Club 3
67%
Carter Verhaeghe Florida Panthers 02/02/25 New York Islanders 3
67%
Cole Perfetti Winnipeg Jets 24/01/25 Utah Hockey Club 3
67%
David Pastrňák Boston Bruins 01/02/25 New York Rangers 3
67%
David Pastrňák Boston Bruins 05/04/25 Carolina Hurricanes 3
67%
Jack Eichel Vegas Golden Knights 25/03/25 Minnesota Wild 3
67%
Jason Robertson Dallas Stars 23/02/25 New York Islanders 3
67%
Jason Robertson Dallas Stars 26/03/25 Edmonton Oilers 3
67%
Joel Eriksson Ek Minnesota Wild 09/04/25 San Jose Sharks 4
67%
John-Jason Peterka Buffalo Sabres 28/01/25 Boston Bruins 3
67%
Jordan Kyrou St. Louis Blues 15/03/25 Minnesota Wild 3
67%
Kiefer Sherwood Vancouver Canucks 16/12/24 Colorado Avalanche 3
67%
Macklin Celebrini San Jose Sharks 09/04/25 Minnesota Wild 3
67%
Mitch Marner Toronto Maple Leafs 27/12/24 Detroit Red Wings 3
67%
Pavel Dorofeyev Vegas Golden Knights 14/01/25 Nashville Predators 3
67%
Pavel Dorofeyev Vegas Golden Knights 20/03/25 Boston Bruins 3
67%
Ryan Donato Chicago Blackhawks 28/03/25 Vegas Golden Knights 3
67%
Tage Thompson Buffalo Sabres 28/01/25 Boston Bruins 3
67%
Tage Thompson Buffalo Sabres 06/04/25 Boston Bruins 3
67%
Tomáš Hertl San Jose Sharks 09/03/25 Los Angeles Kings 3
67%
Tomáš Hertl Vegas Golden Knights 22/03/25 Detroit Red Wings 3
67%
Tyson Foerster Philadelphia Flyers 09/04/25 New York Rangers 3
67%
Wyatt Johnston Dallas Stars 28/01/25 Vegas Golden Knights 3
67%
Wyatt Johnston Dallas Stars 02/03/25 St. Louis Blues 3
67%
Aliaksei Protas Washington Capitals 11/03/25 Anaheim Ducks 3
33%
Barrett Hayton Utah Hockey Club 22/02/25 Los Angeles Kings 3
33%
Dylan Holloway Los Angeles Kings 23/12/24 Detroit Red Wings 3
33%
Evgenii Dadonov Dallas Stars 05/04/25 Pittsburgh Penguins 3
33%
Jaden Schwartz Seattle Kraken 18/01/25 Los Angeles Kings 3
33%
Jake Guentzel Pittsburgh Penguins 12/12/24 Calgary Flames 3
33%
Jake Guentzel Tampa Bay Lightning 06/03/25 Buffalo Sabres 3
33%
Jason Zucker Buffalo Sabres 02/01/25 Colorado Avalanche 3
33%
Joel Kiviranta Colorado Avalanche 22/12/24 Seattle Kraken 3
33%
Jordan Staal Carolina Hurricanes 09/01/25 Toronto Maple Leafs 3
33%
Kirill Marchenko Columbus Blue Jackets 01/04/25 Nashville Predators 3
33%
Patrik Laine Montreal Canadiens 17/12/24 Buffalo Sabres 3
33%
Ryan Nugent-Hopkins Edmonton Oilers 22/03/25 Seattle Kraken 3
33%
Ryan O'Reilly Nashville Predators 04/01/25 Calgary Flames 3
33%
Scott Laughton Philadelphia Flyers 12/12/24 Detroit Red Wings 3
33%
Steven Stamkos Tampa Bay Lightning 08/03/25 Chicago Blackhawks 3
33%
Valeri Nichushkin Colorado Avalanche 08/03/25 Toronto Maple Leafs 3
33%
Brandon Saad St. Louis Blues 03/01/25 Ottawa Senators 3
0%
Ryan McLeod Buffalo Sabres 15/01/25 Carolina Hurricanes 3
0%
No matching quizzes found
Score Distribution
Percent of People with Each Score
Percentile by Number Answered
Your Score History
You have not taken this quiz since the last reset